[Event "CZE-ch U12"]
[Site "Kouty nad Desnou"]
[Date "2020.03.12"]
[Round "7"]
[White "Martirosyan, David"]
[Black "Nguyen, Thai Dang Vi"]
[Result "1-0"]
[WhiteElo "1522"]
[BlackElo "1510"]
[PlyCount "49"]
[EventDate "2020.03.07"]
[EventType "swiss"]
[EventRounds "7"]
[EventCountry "CZE"]
[SourceTitle "CBM 195 Extra"]
[Source "ChessBase"]
[SourceDate "2020.05.31"]
[SourceVersion "1"]
[SourceVersionDate "2020.05.31"]
[SourceQuality "1"]

1. e4 e5 2. Nf3 Nf6 3. Nc3 Nc6 4. Bb5 Bc5 5. 0-0 d6 6. h3 0-0 7. d3 h6 8. Ne2 Be6 9. c3 a6 10. Ba4 Ba7 11. Ng3 b5 12. Bc2 Re8 13. Re1 Qe7 14. d4 exd4 15. cxd4 d5 16. e5 Nd7 17. Qd3 Nf8 18. a3 Na5 19. Bd2 Bb6 20. Bb4 Qd8 21. Bxf8 Kxf8 22. Qh7 f6 23. Nh5 Qd7 24. exf6 gxf6 25. Qxh6+ 1-0

[Event "CZE-ch U12"]
[Site "Kouty nad Desnou"]
[Date "2020.03.10"]
[Round "5"]
[White "Juhanak, Daniel"]
[Black "Nguyen, Thai Dang Vi"]
[Result "1-0"]
[WhiteElo "1656"]
[BlackElo "1510"]
[PlyCount "87"]
[EventDate "2020.03.07"]
[EventType "swiss"]
[EventRounds "7"]
[EventCountry "CZE"]
[SourceTitle "CBM 195 Extra"]
[Source "ChessBase"]
[SourceDate "2020.05.31"]
[SourceVersion "1"]
[SourceVersionDate "2020.05.31"]
[SourceQuality "1"]

1. d4 d5 2. c4 dxc4 3. Nf3 Nf6 4. g3 Bf5 5. Bg2 c6 6. Nc3 e6 7. a4 Nbd7 8. 0-0 Bd6 9. Nd2 Bc7 10. Nxc4 Nb6 11. Na5 Qc8 12. Nb3 0-0 13. Bg5 Nbd7 14. a5 h6 15. Bf4 Bxf4 16. gxf4 Qc7 17. e3 Rad8 18. Qe2 c5 19. Nb5 Qb8 20. dxc5 e5 21. Rfd1 exf4 22. exf4 Rfe8 23. Qc4 Be6 24. Qc3 Bxb3 25. Qxb3 Nxc5 26. Qc4 Nce4 27. Qc7 a6 28. Qxb8 Rxb8 29. Nd6 Nxd6 30. Rxd6 Re2 31. Rb6 Ne4 32. Bf3 Rxf2 33. Bxe4 Rxf4 34. Bxb7 Rg4+ 35. Kf2 Rg6 36. Rxg6 fxg6 37. Bxa6 Rxb2+ 38. Be2 Rb7 39. a6 Ra7 40. Rb1 Kf8 41. Rb8+ Ke7 42. Rb7+ Rxb7 43. axb7 Kd7 44. b8Q 1-0

[Event "Prague op-B 18th"]
[Site "Prague"]
[Date "2019.01.18"]
[Round "9"]
[White "Nemecek, Pavel2222"]
[Black "Nguyen, Thai Dang Vi"]
[Result "0-1"]
[WhiteElo "1245"]
[BlackElo "1442"]
[PlyCount "54"]
[EventDate "2019.01.11"]
[EventType "swiss"]
[EventRounds "9"]
[EventCountry "CZE"]
[SourceTitle "CBM 188 Extra"]
[Source "ChessBase"]
[SourceDate "2019.02.26"]
[SourceVersion "1"]
[SourceVersionDate "2019.02.26"]
[SourceQuality "1"]

1. e4 e5 2. Bc4 Nf6 3. Nc3 Nc6 4. d3 Bc5 5. Bg5 h6 6. Bh4 g5 7. Bg3 d6 8. Qd2 Be6 9. Bb5 Bd7 10. Nge2 Qe7 11. 0-0-0 0-0-0 12. Na4 Bb4 13. c3 Ba5 14. f3 a6 15. Bc4 b5 16. b4 bxc4 17. bxa5 Nxa5 18. Nb2 Bb5 19. Bf2 d5 20. Qe3 Qa3 21. Kb1 cxd3 22. Nxd3 Ba4 23. Rd2 Nc4 24. Qa7 Nxd2+ 25. Ka1 Bb3 26. Nec1 Bc4 27. Nc5 Qxc3# 0-1